000 00834nam a22002537a 4500
001 3981
003 FISKH
005 20240529100555.0
008 240529b cb ||||| |||| 00| 0 eng d
020 _a9780590433440
040 _aFISKH
_beng
_cFISKH
_dFISKH
050 _aPS2612.A3
082 _a813
100 _aPoe Allen Edgar
_d1809-1849
245 _aTen great mysteries by edgar allan poe /
_cEdgar Allen Poe
260 _aNew York :
_bScholastic,
_c1989
300 _a210 pages :
_c18 cm
505 _aM
520 _aThese ten absorbing stories, selected by a famed anthologist of science-fiction and the supernatural, prove that even after a century Poe's imagination still works its macabre magic.
521 8 _aM
_bRaz-plus
700 _aEdgar Allen Poe
942 _2ddc
_cBK
_n0
999 _c3981
_d3981